Political Parties and Democracy /

Wedi'i Gadw mewn:
Manylion Llyfryddiaeth
Prif Awdur: Diamond, Larry
Awduron Eraill: ed. Gunther, Richard ed
Fformat: Texto
Cyhoeddwyd: Baltimore, Maryland: The Johns Hopkins University Press
Pynciau:
Tagiau: Ychwanegu Tag
Dim Tagiau, Byddwch y cyntaf i dagio'r cofnod hwn!

MARC

LEADER 00000 a a2200000 04500
001 28522
003
040 |a CRAI/IIS  |c CRAI/IIS 
020 |a 0-8018-6863-7  
090 |a 188802  
100 |a Diamond, Larry  
245 |a Political Parties and Democracy /  |c Larry Diamond 
260 |a Baltimore, Maryland:   |b The Johns Hopkins University Press  
300 |a 356 p  
650 |a PARTIDOS POLITICOS  
650 |a IDEOLOGIAS POLITICAS  
650 |a DEMOCRATIZACION  
650 |a DEMOCRACIA  
700 |a ed.   |a Gunther, Richard   |a ed.  
999 |c 3848  |d 3848